General topology and applications : proceedings of the 1988 Northeast conference
Αποθηκεύτηκε σε:
| Συγγραφή απο Οργανισμό/Αρχή: | |
|---|---|
| Άλλοι συγγραφείς: | , |
| Μορφή: | Πρακτικό Συνεδρίου Βιβλίο |
| Γλώσσα: | English |
| Δημοσίευση: |
New York :
M. Dekker,
c1990
|
| Σειρά: | Lecture notes in pure and applied mathematics ;
; 123 |
| Θέματα: | |
| Ετικέτες: |
Προσθήκη ετικέτας
Δεν υπάρχουν, Καταχωρήστε ετικέτα πρώτοι!
|
MARC
| LEADER | 00000cam a2200000 i 4500 | ||
|---|---|---|---|
| 001 | 1/53106 | ||
| 008 | 941103s1990 eng d | ||
| 020 | |a 0824783492 | ||
| 035 | |l 10044616 | ||
| 035 | |a 1993 |c ΤΣΑΠΟΓΑΣ | ||
| 040 | |a GR-MY-UA |b gre |e aacr | ||
| 041 | 0 | |a eng | |
| 082 | 0 | |a 514.322 |2 (20) | |
| 245 | 0 | 0 | |a General topology and applications : |b proceedings of the 1988 Northeast conference / |c edited by R. M. Shortt |
| 260 | |a New York : |b M. Dekker, |c c1990 | ||
| 300 | |a xiv, 291 p.; |c 25 cm | ||
| 490 | 1 | |a Lecture notes in pure and applied mathematics |v ; 123 | |
| 500 | |a Proceedings of the Northeast Conference on General Topology and Applications, held at Wesleyan University in June 1988 in honor of Melvin Henriksen | ||
| 504 | |a Includes bibliographical references and index | ||
| 650 | 0 | 0 | |a Topology |x Congresses. |
| 700 | 1 | |a Shortt, Rae Michael, |e edt | |
| 700 | 1 | |a Henriksen, Melvin, |d 1927-2009. | |
| 711 | 2 | |a Northeast Conference on General Topology and Applications |n (4th : |d 1988 : |c Wesleyan University) | |
| 830 | 0 | |a Lecture notes in pure and applied mathematics ; |v ; 123 | |
| 852 | |a INST |b SAMOS |e 19941103 |h 514.322 GEN |p 005300003842 |q 005300003842 |t BK |y 0 | ||
| 909 | |a Σ |b 025783 | ||